Cours élémentaire de mathématiques supérieures
Guardat en:
| Autor principal: | |
|---|---|
| Format: | Llibre |
| Idioma: | francès |
| Publicat: |
París
Dunod
1973
|
| Edició: | 5a. ed |
| Matèries: | |
| Etiquetes: |
Afegir etiqueta
Sense etiquetes, Sigues el primer a etiquetar aquest registre!
|
MARC
| LEADER | 00000nam a2200000 a 4500 | ||
|---|---|---|---|
| 001 | UCQ9512 | ||
| 003 | CL-VaPUC | ||
| 008 | 990112e19730000FR |||||||||||||||||fre|d | ||
| 082 | 0 | 4 | |a 510 |b QUI |2 21 |
| 100 | 0 | |a Quinet, J |e author |9 424103 | |
| 245 | 1 | 0 | |a Cours élémentaire de mathématiques supérieures |
| 250 | |a 5a. ed | ||
| 300 | |a 6 v | ||
| 942 | |c BK | ||
| 945 | |d 19990112 00:00:00 |a crobeson | ||
| 260 | |a París |b Dunod |c 1973 | ||
| 500 | |a v.1: Algèbre | ||
| 500 | |a v.2: Functions usuelles | ||
| 500 | |a v.3: Calcul intégral et séries | ||
| 500 | |a v.4: Ecuations differentielles | ||
| 500 | |a v.5: Géométrie | ||
| 500 | |a v.6: Probabilités et statistique | ||
| 650 | 0 | |a Matemática |9 260235 | |
| 650 | 0 | |a Álgebra |9 259567 | |
| 650 | 0 | |a Geometría |9 264063 | |
| 650 | 0 | |a Probabilidades |9 260199 | |
| 650 | 0 | |a Estadística matemática |9 260028 | |
| 650 | 0 | |a Cálculo diferencial |9 260102 | |
| 650 | 0 | |a Cálculo integral |9 260103 | |
| 650 | 0 | |a Geometría plana |9 265855 | |
| 650 | 0 | |a Geometría analítica |9 260062 | |
| 650 | 0 | |a Ecuaciones |9 260137 | |
| 583 | |a last modification |c 19990112 00:00:00 |k Rodrigo Vera | ||
| 999 | |c 278512 |d 278510 | ||
| 952 | |0 0 |1 0 |4 0 |6 510_000000000000000_QUI_1973 |7 0 |8 A |9 317101 |a BIBMAT |b BIBMAT |d 2019-11-20 |h v.2 |i 1315455 |o 510 QUI 1973 |p 1315455 |r 2025-01-07 |w 2019-11-20 |y BK |k MAT | ||
| 952 | |0 0 |1 0 |4 0 |6 510_000000000000000_QUI_1973 |7 0 |8 A |9 317102 |a BIBMAT |b BIBMAT |d 2019-11-20 |h v.4 |i 1315463 |o 510 QUI 1973 |p 1315463 |r 2025-01-07 |w 2019-11-20 |y BK |k MAT | ||